000 00525nam a2200169Ia 4500
008 090711s9999 xx 000 0 und d
082 _b1393
100 _aदिघे प्रभाकर तुकाजी
245 _aइंद्रधनु
260 _c1936
300 _a73
600 _aदिघे प्रभाकर तुकाजी
630 _aइंद्रधनु
700 _aदिघे प्रभाकर तुकाजी
730 _aइंद्रधनु
942 _cBOOK
999 _c304975
_d304975